random italian words 2 - Statistics

General Stats
  • This quiz has been taken 230 times
  • The average score is 12 of 24
Answer Stats
english italian % Correct
cat gatto
90%
name nome
77%
lion leone
72%
pizzashop pizzeria
68%
cake torta
62%
cookie biscotto
58%
hair capello
56%
garden giardino
56%
mountain montagna
55%
palace palazzo
54%
london londra
53%
pineapple ananas
51%
dress vestito
51%
candy caramella
50%
caramel caramello
50%
honey miele
48%
hat cappello
43%
eggplant melanzana
34%
scarf sciarpa
31%
noodles spaghetti
29%
waterfall cascata
28%
necklace collana
27%
coffin bara
20%
entree antipasto
17%
No matching quizzes found
Score Distribution
Percent of People with Each Score
Percentile by Number Answered
Your Score History
You have not taken this quiz